[Event "Qualifyer Villarobledo - Final"]
[Site "playchess.com #155699"]
[Date "2009.05.23"]
[Round "11"]
[White "Us6"]
[Black "-st!er-"]
[Result "1-0"]
[WhiteElo "2632"]
[BlackElo "2757"]
[PlyCount "57"]
[EventDate "2009.05.23"]
[EventType "tourn (blitz)"]

1. Nf3 {[%emt 0:00:01]} b6 {[%emt 0:00:05]} 2. e4 {[%emt 0:00:03]} Bb7 {[%emt
0:00:01]} 3. Nc3 {[%emt 0:00:06]} c5 {[%emt 0:00:01]} 4. d4 {[%emt 0:00:02]}
cxd4 {[%emt 0:00:01]} 5. Nxd4 {[%emt 0:00:00]} d6 {[%emt 0:00:01]} 6. Be3 {
[%emt 0:00:03]} a6 {[%emt 0:00:01]} 7. Qd2 {[%emt 0:00:02]} Nf6 {[%emt 0:00:01]
} 8. f3 {[%emt 0:00:01]} Nbd7 {[%emt 0:00:01]} 9. g4 {[%emt 0:00:01]} h6 {
[%emt 0:00:04]} 10. h4 {[%emt 0:00:03]} e6 {[%emt 0:00:05]} 11. Rg1 {[%emt 0:
00:01]} g6 {[%emt 0:00:07]} 12. g5 {[%emt 0:00:07]} hxg5 {[%emt 0:00:01]} 13.
hxg5 {[%emt 0:00:00]} Nh5 {[%emt 0:00:01]} 14. O-O-O {[%emt 0:00:03]} b5 {
[%emt 0:00:01]} 15. f4 {[%emt 0:00:12]} b4 {[%emt 0:00:01]} 16. Nce2 {[%emt 0:
00:01]} Bxe4 {[%emt 0:00:01]} 17. Bg2 {[%emt 0:00:11]} Bxg2 {[%emt 0:00:02]}
18. Rxg2 {[%emt 0:00:00]} d5 {[%emt 0:00:04]} 19. Qd3 {[%emt 0:00:12]} Nc5 {
[%emt 0:00:04]} 20. Qd2 {[%emt 0:00:09]} Qa5 {[%emt 0:00:02]} 21. Kb1 {[%emt 0:
00:03]} Rb8 {[%emt 0:00:05]} 22. Nb3 {[%emt 0:00:02]} Nxb3 {[%emt 0:00:05]} 23.
axb3 {[%emt 0:00:00]} Bg7 {[%emt 0:00:02]} 24. Bd4 {[%emt 0:00:01]} Qc7 {[%emt
0:00:05]} 25. Rh2 {[%emt 0:00:16]} Ke7 {[%emt 0:00:03]} 26. Bxg7 {[%emt 0:00:
10]} Nxg7 {[%emt 0:00:02]} 27. Rxh8 {[%emt 0:00:01]} Rxh8 {[%emt 0:00:00]} 28.
Qd4 {[%emt 0:00:01]} Qd6 {[%emt 0:00:00]} 29. Qxg7 {[%emt 0:00:05] -st!er-
resigns} 1-0

[Event "Qualifyer Villarobledo - Final"]
[Site "playchess.com #155699"]
[Date "2009.05.23"]
[Round "11"]
[White "Africanchamp"]
[Black "Hauberk"]
[Result "1-0"]
[WhiteElo "2800"]
[BlackElo "2431"]
[PlyCount "67"]
[EventDate "2009.05.23"]
[EventType "tourn (blitz)"]

1. e4 {[%emt 0:00:03]} e5 {[%emt 0:00:01]} 2. Nf3 {[%emt 0:00:03]} Nc6 {[%emt
0:00:00]} 3. Bb5 {[%emt 0:00:02]} Bc5 {[%emt 0:00:03]} 4. c3 {[%emt 0:00:01]}
f5 {[%emt 0:00:02]} 5. d3 {[%emt 0:00:03]} fxe4 {[%emt 0:00:14]} 6. dxe4 {
[%emt 0:00:02]} Nf6 {[%emt 0:00:01]} 7. Bc4 {[%emt 0:00:04]} Qe7 {[%emt 0:00:
09]} 8. b4 {[%emt 0:00:11]} Bb6 {[%emt 0:00:05]} 9. O-O {[%emt 0:00:04]} d6 {
[%emt 0:00:03]} 10. a4 {[%emt 0:00:17]} a5 {[%emt 0:00:02]} 11. b5 {[%emt 0:00:
04]} Nd8 {[%emt 0:00:01]} 12. Bg5 {[%emt 0:00:03]} h6 {[%emt 0:00:02]} 13. Nh4
{[%emt 0:00:09]} Be6 {[%emt 0:00:53]} 14. Ng6 {[%emt 0:00:11]} Qd7 {[%emt 0:00:
19]} 15. Bxe6 {[%emt 0:00:02]} Qxe6 {[%emt 0:00:17]} 16. Bxf6 {[%emt 0:00:03]}
Rg8 {[%emt 0:00:25]} 17. Bxd8 {[%emt 0:00:03]} Qxg6 {[%emt 0:00:05]} 18. Bh4 {
[%emt 0:00:02]} Qxe4 {[%emt 0:00:01]} 19. Qh5+ {[%emt 0:00:06]} g6 {[%emt 0:00:
01]} 20. Qxh6 {[%emt 0:00:01]} Kf7 {[%emt 0:00:05]} 21. Nd2 {[%emt 0:00:10]}
Qf5 {[%emt 0:00:05]} 22. Qg5 {[%emt 0:00:03]} Rh8 {[%emt 0:00:01]} 23. Qe7+ {
[%emt 0:00:04]} Kg8 {[%emt 0:00:01]} 24. Nf3 {[%emt 0:00:03]} e4 {[%emt 0:00:
13]} 25. Nd4 {[%emt 0:00:10]} Qh5 {[%emt 0:00:11]} 26. Bg3 {[%emt 0:00:07]} d5
{[%emt 0:00:13]} 27. f3 {[%emt 0:00:18]} Rh7 {[%emt 0:00:11]} 28. Qe6+ {[%emt
0:00:02]} Rf7 {[%emt 0:00:01]} 29. fxe4 {[%emt 0:00:02]} Raf8 {[%emt 0:00:00]}
30. Rxf7 {[%emt 0:00:04]} Rxf7 {[%emt 0:00:01]} 31. Rf1 {[%emt 0:00:02]} Bxd4+
{[%emt 0:00:03]} 32. cxd4 {[%emt 0:00:02]} g5 {[%emt 0:00:01]} 33. Qe8+ {[%emt
0:00:04]} Kg7 {[%emt 0:00:02]} 34. Be5+ {[%emt 0:00:02] Hauberk resigns} 1-0

[Event "Qualifyer Villarobledo - Final"]
[Site "playchess.com #155699"]
[Date "2009.05.23"]
[Round "11"]
[White "Novoselski"]
[Black "Necromant"]
[Result "0-1"]
[WhiteElo "2608"]
[BlackElo "2634"]
[PlyCount "64"]
[EventDate "2009.05.23"]
[EventType "tourn (blitz)"]

1. g3 {[%emt 0:00:01]} g6 {[%emt 0:00:02]} 2. Bg2 {[%emt 0:00:00]} Bg7 {[%emt
0:00:01]} 3. e4 {[%emt 0:00:01]} c5 {[%emt 0:00:01]} 4. Ne2 {[%emt 0:00:03]}
Nc6 {[%emt 0:00:06]} 5. c3 {[%emt 0:00:02]} e5 {[%emt 0:00:11]} 6. O-O {[%emt
0:00:03]} d6 {[%emt 0:00:02]} 7. Na3 {[%emt 0:00:03]} Nge7 {[%emt 0:00:04]} 8.
Nc4 {[%emt 0:00:02]} O-O {[%emt 0:00:03]} 9. d3 {[%emt 0:00:02]} Be6 {[%emt 0:
00:07]} 10. Be3 {[%emt 0:00:26]} b5 {[%emt 0:00:08]} 11. Na3 {[%emt 0:00:03]}
Rb8 {[%emt 0:00:09]} 12. Qd2 {[%emt 0:00:02]} f5 {[%emt 0:00:08]} 13. Bh6 {
[%emt 0:00:14]} Qd7 {[%emt 0:00:08]} 14. Bxg7 {[%emt 0:00:04]} Kxg7 {[%emt 0:
00:01]} 15. f4 {[%emt 0:00:02]} d5 {[%emt 0:00:10]} 16. Qe3 {[%emt 0:00:21]} d4
{[%emt 0:00:03]} 17. cxd4 {[%emt 0:00:05]} exd4 {[%emt 0:00:08]} 18. Qd2 {
[%emt 0:00:01]} c4 {[%emt 0:00:09]} 19. Nc2 {[%emt 0:00:17]} Rfd8 {[%emt 0:00:
20]} 20. Ne1 {[%emt 0:00:04]} Rbc8 {[%emt 0:00:12]} 21. a3 {[%emt 0:00:08]} a5
{[%emt 0:00:17]} 22. Rd1 {[%emt 0:00:15]} Qd6 {[%emt 0:00:08]} 23. Nc1 {[%emt
0:00:29]} Qc5 {[%emt 0:00:09]} 24. Nf3 {[%emt 0:00:06]} c3 {[%emt 0:00:03]} 25.
bxc3 {[%emt 0:00:13]} dxc3+ {[%emt 0:00:02]} 26. Qf2 {[%emt 0:00:01]} Qxf2+ {
[%emt 0:00:04]} 27. Kxf2 {[%emt 0:00:05]} b4 {[%emt 0:00:01]} 28. axb4 {[%emt
0:00:07]} axb4 {[%emt 0:00:01]} 29. Ng5 {[%emt 0:00:06]} Bg8 {[%emt 0:00:03]}
30. Ne2 {[%emt 0:00:09]} c2 {[%emt 0:00:14]} 31. Rc1 {[%emt 0:00:11]} b3 {
[%emt 0:00:01]} 32. e5 {[%emt 0:00:06]} Nb4 {[%emt 0:00:03] Novoselski resigns}
0-1

[Event "Qualifyer Villarobledo - Final"]
[Site "playchess.com #155699"]
[Date "2009.05.23"]
[Round "11"]
[White "Kendo"]
[Black "Yang Guo"]
[Result "0-1"]
[WhiteElo "2771"]
[BlackElo "2747"]
[PlyCount "96"]
[EventDate "2009.05.23"]
[EventType "tourn (blitz)"]

1. d4 {[%emt 0:00:03]} Nf6 {[%emt 0:00:04]} 2. Bg5 {[%emt 0:00:02]} e6 {[%emt
0:00:05]} 3. e4 {[%emt 0:00:02]} h6 {[%emt 0:00:01]} 4. Bxf6 {[%emt 0:00:01]}
Qxf6 {[%emt 0:00:00]} 5. c3 {[%emt 0:00:00]} d6 {[%emt 0:00:03]} 6. Bd3 {[%emt
0:00:02]} Nd7 {[%emt 0:00:06]} 7. Ne2 {[%emt 0:00:02]} g6 {[%emt 0:00:04]} 8.
O-O {[%emt 0:00:02]} Bg7 {[%emt 0:00:01]} 9. Nd2 {[%emt 0:00:03]} a6 {[%emt 0:
00:01]} 10. f4 {[%emt 0:00:01]} Qe7 {[%emt 0:00:02]} 11. e5 {[%emt 0:00:07]} d5
{[%emt 0:00:07]} 12. b4 {[%emt 0:00:13]} b6 {[%emt 0:00:05]} 13. a4 {[%emt 0:
00:14]} c5 {[%emt 0:00:05]} 14. bxc5 {[%emt 0:00:10]} bxc5 {[%emt 0:00:02]} 15.
c4 {[%emt 0:00:01]} Bb7 {[%emt 0:00:04]} 16. Rb1 {[%emt 0:00:24]} Bc6 {[%emt 0:
00:02]} 17. cxd5 {[%emt 0:00:02]} Bxd5 {[%emt 0:00:05]} 18. Ne4 {[%emt 0:00:13]
} O-O {[%emt 0:00:04]} 19. Kh1 {[%emt 0:00:12]} Rab8 {[%emt 0:00:08]} 20. N4c3
{[%emt 0:00:28]} Rxb1 {[%emt 0:00:08]} 21. Qxb1 {[%emt 0:00:00]} Rb8 {[%emt 0:
00:03]} 22. Qc1 {[%emt 0:00:19]} Ba8 {[%emt 0:00:06]} 23. Bxa6 {[%emt 0:00:06]}
cxd4 {[%emt 0:00:11]} 24. Nxd4 {[%emt 0:00:16]} Qb4 {[%emt 0:00:02]} 25. Nce2 {
[%emt 0:00:27]} Nc5 {[%emt 0:00:19]} 26. Bb5 {[%emt 0:00:07]} Rd8 {[%emt 0:00:
16]} 27. Rd1 {[%emt 0:00:06]} Ne4 {[%emt 0:00:02]} 28. Kg1 {[%emt 0:00:02]} Bf8
{[%emt 0:00:02]} 29. Qb1 {[%emt 0:00:08]} Qxb1 {[%emt 0:00:21]} 30. Rxb1 {
[%emt 0:00:00]} Bc5 {[%emt 0:00:00]} 31. Rc1 {[%emt 0:00:01]} Bxd4+ {[%emt 0:
00:08]} 32. Nxd4 {[%emt 0:00:02]} Rxd4 {[%emt 0:00:00]} 33. Rc8+ {[%emt 0:00:
05]} Kg7 {[%emt 0:00:01]} 34. Rxa8 {[%emt 0:00:02]} Rd1+ {[%emt 0:00:01]} 35.
Bf1 {[%emt 0:00:02]} Nd2 {[%emt 0:00:01]} 36. Kf2 {[%emt 0:00:02]} Nxf1 {[%emt
0:00:03]} 37. h4 {[%emt 0:00:06]} h5 {[%emt 0:00:02]} 38. Rb8 {[%emt 0:00:02]}
Ra1 {[%emt 0:00:02]} 39. Ra8 {[%emt 0:00:04]} Nd2 {[%emt 0:00:03]} 40. a5 {
[%emt 0:00:02] .} Nc4 {[%emt 0:00:03]} 41. a6 {[%emt 0:00:01]} Nb6 {[%emt 0:00:
01]} 42. Ra7 {[%emt 0:00:02]} Nd5 {[%emt 0:00:01]} 43. g3 {[%emt 0:00:02]} Nb4
{[%emt 0:00:01]} 44. Rd7 {[%emt 0:00:01]} Rxa6 {[%emt 0:00:03]} 45. Rd4 {[%emt
0:00:02]} Ra2+ {[%emt 0:00:02]} 46. Kf3 {[%emt 0:00:02]} Ra3+ {[%emt 0:00:01]}
47. Kg2 {[%emt 0:00:02]} Nd5 {[%emt 0:00:02]} 48. Kh2 {[%emt 0:00:04]} Ne3 {
[%emt 0:00:01] Zeit} 0-1

[Event "Qualifyer Villarobledo - Final"]
[Site "playchess.com #155699"]
[Date "2009.05.23"]
[Round "11"]
[White "Artur95"]
[Black "Unicorn"]
[Result "1-0"]
[WhiteElo "2418"]
[BlackElo "2549"]
[PlyCount "105"]
[EventDate "2009.05.23"]
[EventType "tourn (blitz)"]

1. e4 {[%emt 0:00:01]} e6 {[%emt 0:00:01]} 2. d4 {[%emt 0:00:01]} d5 {[%emt 0:
00:01]} 3. Nc3 {[%emt 0:00:00]} Bb4 {[%emt 0:00:01]} 4. e5 {[%emt 0:00:00]} c5
{[%emt 0:00:01]} 5. a3 {[%emt 0:00:00]} Bxc3+ {[%emt 0:00:01]} 6. bxc3 {[%emt
0:00:00]} Ne7 {[%emt 0:00:00]} 7. Nf3 {[%emt 0:00:01]} Nbc6 {[%emt 0:00:01]} 8.
a4 {[%emt 0:00:01]} Qa5 {[%emt 0:00:01]} 9. Qd2 {[%emt 0:00:01]} Bd7 {[%emt 0:
00:03]} 10. Ba3 {[%emt 0:00:01]} cxd4 {[%emt 0:00:01]} 11. cxd4 {[%emt 0:00:00]
} Qxd2+ {[%emt 0:00:01]} 12. Kxd2 {[%emt 0:00:00]} Rc8 {[%emt 0:00:02]} 13. a5
{[%emt 0:00:03]} Nf5 {[%emt 0:00:04]} 14. Bc5 {[%emt 0:00:06]} h5 {[%emt 0:00:
01]} 15. Bd3 {[%emt 0:00:10]} g6 {[%emt 0:00:16]} 16. Rhb1 {[%emt 0:00:04]} Rb8
{[%emt 0:00:06]} 17. Bxf5 {[%emt 0:00:02]} gxf5 {[%emt 0:00:08]} 18. Bd6 {
[%emt 0:00:01]} Rc8 {[%emt 0:00:02]} 19. Rxb7 {[%emt 0:00:04]} Rg8 {[%emt 0:00:
02]} 20. g3 {[%emt 0:00:02]} h4 {[%emt 0:00:01]} 21. Ke3 {[%emt 0:00:25]} hxg3
{[%emt 0:00:02]} 22. hxg3 {[%emt 0:00:01]} Nd8 {[%emt 0:00:24]} 23. Rxa7 {
[%emt 0:00:04]} Rc3+ {[%emt 0:00:01]} 24. Ke2 {[%emt 0:00:16]} Rxc2+ {[%emt 0:
00:23]} 25. Nd2 {[%emt 0:00:01]} f4 {[%emt 0:00:07]} 26. gxf4 {[%emt 0:00:25]}
Bb5+ {[%emt 0:00:20]} 27. Kd1 {[%emt 0:00:01]} Bd3 {[%emt 0:00:16]} 28. Re7+ {
[%emt 0:00:02]} Kf8 {[%emt 0:00:01]} 29. Rc7+ {[%emt 0:00:22]} Ke8 {[%emt 0:00:
02]} 30. Re7+ {[%emt 0:00:21]} Kf8 {[%emt 0:00:02]} 31. Rc7+ {[%emt 0:00:20]}
Ke8 {[%emt 0:00:02]} 32. Rxc2 {[%emt 0:00:16]} Rg1+ {[%emt 0:00:04]} 33. Nf1 {
[%emt 0:00:00]} Rxf1+ {[%emt 0:00:02]} 34. Kd2 {[%emt 0:00:01]} Rxa1 {[%emt 0:
00:04]} 35. Kxd3 {[%emt 0:00:05]} Rd1+ {[%emt 0:00:34]} 36. Kc3 {[%emt 0:00:15]
} Nc6 {[%emt 0:00:03]} 37. Bc5 {[%emt 0:00:09]} Nxa5 {[%emt 0:00:03]} 38. Ra2 {
[%emt 0:00:01]} Nc4 {[%emt 0:00:02]} 39. Ra8+ {[%emt 0:00:02]} Kd7 {[%emt 0:00:
04]} 40. Ra7+ {[%emt 0:00:01]} Ke8 {[%emt 0:00:16]} 41. Re7+ {[%emt 0:00:01]}
Kf8 {[%emt 0:00:01]} 42. Rxe6+ {[%emt 0:00:01]} Kg7 {[%emt 0:00:00]} 43. Re7 {
[%emt 0:00:12]} Rc1+ {[%emt 0:00:04]} 44. Kd3 {[%emt 0:00:03]} Rd1+ {[%emt 0:
00:01]} 45. Ke2 {[%emt 0:00:03]} Rd2+ {[%emt 0:00:09]} 46. Ke1 {[%emt 0:00:01]}
Ra2 {[%emt 0:00:03]} 47. e6 {[%emt 0:00:03]} Ra1+ {[%emt 0:00:01]} 48. Ke2 {
[%emt 0:00:01]} Ra2+ {[%emt 0:00:01]} 49. Kf3 {[%emt 0:00:00]} Nd2+ {[%emt 0:
00:01]} 50. Kg4 {[%emt 0:00:03]} Ne4 {[%emt 0:00:01]} 51. Rxf7+ {[%emt 0:00:01]
} Kg8 {[%emt 0:00:04]} 52. Rf8+ {[%emt 0:00:01]} Kg7 {[%emt 0:00:01]} 53. e7 {
[%emt 0:00:03] Unicorn resigns} 1-0